What you never knew about beds, bedrooms, & pajamas / (Record no. 8513)

MARC details
000 -LEADER
fixed length control field 01900cam a2200409 a 4500
001 - CONTROL NUMBER
control field 8513
003 - CONTROL NUMBER IDENTIFIER
control field FISKH
005 - DATE AND TIME OF LATEST TRANSACTION
control field 20250917085536.0
008 - FIXED-LENGTH DATA ELEMENTS--GENERAL INFORMATION
fixed length control field 040901s2006 nyua b 000 0 eng
010 ## - LIBRARY OF CONGRESS CONTROL NUMBER
LC control number 2004020654
020 ## - INTERNATIONAL STANDARD BOOK NUMBER
International Standard Book Number 9780689852114
020 ## - INTERNATIONAL STANDARD BOOK NUMBER
International Standard Book Number 0689852118
020 ## - INTERNATIONAL STANDARD BOOK NUMBER
International Standard Book Number 9781416967385
040 ## - CATALOGING SOURCE
Original cataloging agency DLC
Transcribing agency DLC
Modifying agency DLC
Language of cataloging eng
050 00 - LIBRARY OF CONGRESS CALL NUMBER
Classification number GT3000.5.B44
Item number L38 2006
082 00 - DEWEY DECIMAL CLASSIFICATION NUMBER
Classification number 392.3/6
Edition number 22
100 1# - MAIN ENTRY--PERSONAL NAME
Personal name Lauber, Patricia.
245 10 - TITLE STATEMENT
Title What you never knew about beds, bedrooms, & pajamas /
Statement of responsibility, etc. by Patricia Lauber ; illustrated by John Manders.
260 ## - PUBLICATION, DISTRIBUTION, ETC.
Place of publication, distribution, etc. New York :
Name of publisher, distributor, etc. Simon & Schuster Books for Young Readers,
Date of publication, distribution, etc. 2006.
300 ## - PHYSICAL DESCRIPTION
Extent 32 pages :
Other physical details color illustrations ;
Dimensions 24 x 26 cm.
336 ## - CONTENT TYPE
Content type term text
Content type code txt
Source rdacontent
337 ## - MEDIA TYPE
Media type term unmediated
Media type code n
Source rdamedia
338 ## - CARRIER TYPE
Carrier type term volume
Carrier type code nc
Source rdacarrier
490 1# - SERIES STATEMENT
Series statement Around the house history
504 ## - BIBLIOGRAPHY, ETC. NOTE
Bibliography, etc. note Includes bibliographical references.
505 ## - FORMATTED CONTENTS NOTE
Formatted contents note R<br/>
520 ## - SUMMARY, ETC.
Summary, etc. You make your bed in the morning. At times in the past, people really made their beds -- and at night they stuffed straw into a sack, making a bed to lie on. Nightclothes were first worn in the 1500s. Before that, people slept in their day clothes, their underwear, or nothing at all. In Ancient Rome, bedrooms were small. A servant guarded the doorway by sleeping across it. Learn these facts and more in this true but funny account as Newbery Honor Patricia Lauber and celebrated illustrator John Manders go under the covers to explore beds, bedrooms, and pajamas since the Stone Age. They'll show you how the world's been sleeping since the dawn of time.
521 ## - TARGET AUDIENCE NOTE
Target audience note 730<br/>
Source Lexile estimate<br/>
521 ## - TARGET AUDIENCE NOTE
Target audience note R<br/>
Source Raz-Plus<br/>
650 #0 - SUBJECT ADDED ENTRY--TOPICAL TERM
Topical term or geographic name entry element Bedrooms.
650 #0 - SUBJECT ADDED ENTRY--TOPICAL TERM
Topical term or geographic name entry element Beds.
650 #0 - SUBJECT ADDED ENTRY--TOPICAL TERM
Topical term or geographic name entry element Pajamas.
650 #0 - SUBJECT ADDED ENTRY--TOPICAL TERM
Topical term or geographic name entry element Sleeping customs.
700 1# - ADDED ENTRY--PERSONAL NAME
Personal name Manders, John,
Relator term illustrator
906 ## - LOCAL DATA ELEMENT F, LDF (RLIN)
a 7
b cbc
c orignew
d 1
e ecip
f 20
g y-gencatlg
942 ## - ADDED ENTRY ELEMENTS (KOHA)
Source of classification or shelving scheme Dewey Decimal Classification
Koha item type Books
Suppress in OPAC No
Holdings
Withdrawn status Lost status Source of classification or shelving scheme Damaged status Not for loan Collection Home library Current library Shelving location Date acquired Total Checkouts Full call number Barcode Date last seen Copy number Price effective from Koha item type
    Dewey Decimal Classification     Non-Fiction Footprints International School Library Network Toul Tom Poung Campus Footprints International School Library Network Toul Tom Poung Campus TTP Primary Orange Bookshelves 09/17/2025   LAU 392.3 GT3000.B44 L38 FIS03635 09/17/2025 1 09/17/2025 Books
    Dewey Decimal Classification     Non-Fiction Footprints International School Library Network Toul Tom Poung Campus Footprints International School Library Network Toul Tom Poung Campus TTP Primary Orange Bookshelves 03/04/2026   LAU 392.3 GT3000.B44 L38 FISTK01658 03/04/2026 2 03/04/2026 Books